My Favorite Harry Potter Charcters - Statistics

General Stats
  • This quiz has been taken 709 times
    703 since last reset
  • The average score is 12 of 14
Answer Stats
Hint Answer % Correct
House Elf Dobby
98%
Godfather (Harry Potter's) Sirius Black
98%
Fred's Twin Brother George Weasley
94%
Werewolf Remus Lupin
93%
Headmaster Albus Dumbledore
92%
Nagini's Killer Neville Longbottom
92%
Twin Fred Weasley
90%
Bellatrix's Killer Molly Weasley
90%
Bellatrix's Youngest Sister Narcissa Malfoy
82%
Brown, Bushy Hair Hermione Granger
80%
Nargels Luna Lovegood
77%
House Elf ( Barty Crouch's) Winky
76%
Game Keeper Rubeus Hagrid
72%
"Don't Call Me_____" Nymphadora Tonks
57%
No matching quizzes found
Score Distribution
Percent of People with Each Score
Percentile by Number Answered
Your Score History
You have not taken this quiz since the last reset